000 00519nam a2200193 a 4500
001 1772625972276
003 YourLibrary
005 20260304173725.0
008 260304s2005##################000#0#eng##
020 _a9780714655291
082 0 4 _a327.47
_bISA
100 1 _aIsakova, Irina Viktorovna,
_eauthor.
245 1 0 _aRussian Governance in the Twenty-first Century :
260 _bRoutledge,
_c2005.
300 _a354 pages
650 0 _aHistory.
942 _cENGLISH
040 _aYourLibrary
_beng
_cYourLibrary
999 _c616945
_d616945